Statistics for Historical Figures by Letter - K

Click here to take the quiz!

General Stats

  • This quiz has been taken 239 times
  • The average score is 11 of 20

Answer Stats

HintFigure% Correct
Lee Harvey Oswald's victimJohn F. Kennedy
98%
Civil rights activist who
had a dream
Martin Luther
King Jr.
98%
First leader of North KoreaKim Il-Sung
89%
Soviet leader who de-Stalinized
the country in the 1950s
Nikita
Khrushchev
80%
Mongol Khan who conquered ChinaKublai Khan
79%
Mexican female painter known
for her self-portraits
Frida Kahlo
76%
Author of "The Jungle Book"Rudyard Kipling
76%
Leader of the Iranian RevolutionRuhollah Khomeini
67%
Lord who calculated absolute zeroLord Kelvin
66%
Nixon's Secretary of StateHenry Kissinger
60%
Prussian philosopher:
"Critique of Pure Reason"
Immanuel Kant
56%
Czech author who wrote
"The Metamorphosis"
Franz Kafka
53%
All-time highest rated chess
player (until 2014)
Garry Kasparov
46%
Australia's most famous "bushranger"Ned Kelly
40%
British economist who revolutionized
the economics in 1930s
John Maynard
Keynes
37%
Symbolist painter of "The Kiss"Gustav Klimt
35%
Successor of the aboveAli Khamenei
27%
Afghan President, 2004-2014Hamid Karzai
24%
Danish existential philosopher
who wrote "Either/Or"
Søren
Kierkegaard
24%
Burmese activist who was under
house arrest for 15 years
Aung San
Suu Kyi
22%

Score Distribution

Percentile by Number Answered

Percent of People with Each Score

Your Score History

You have not taken this quiz